000
00278nam a2200121 a 4500
008
100924s1960|||| d
100
1
_a
Faber, F.
245
1
0
_a
Červenie sa song-cai
260
_b
Osveta
_a
Bratislava
_c
1960
020
_c
18,20
044
_a
xo
_c
SK
041
_a
slo
999
_c
10671
_d
10671